Nota peperiksaan : KBSM spm Sejarah Malaysia 1995/6

Bibliographic Details
Main Author: Rohaimi Ismail
Format: Book
Published: P.Jaya : Preston , 1995
Subjects:

MARC

LEADER 00000cam a2200000 7i4500
001 0000006086
002 000006576
005 20000330.0
020 |a 9679173445 
090 0 0 |a 959.509   |b ROH 
100 0 |a Rohaimi Ismail 
245 1 0 |a Nota peperiksaan :   |b KBSM spm Sejarah Malaysia 1995/6   |c Rohaimi Ismail 
260 |a P.Jaya :   |b Preston ,   |c 1995 
300 |a 403p. ;   |c 28cm. 
651 0 |a Malaysia   |x History   |x SPM 
999 |a 038216   |b BUKU   |c RUJUKAN   |e PERPUSTAKAAN KOMUNITI PETALING JAYA 
999 |a 038217   |b BUKU   |c RUJUKAN   |e PERPUSTAKAAN KOMUNITI PETALING JAYA